000 00771nam a2200217Ia 4500
003 GCL
008 140319s9999 xx 000 0 ara d
040 _aGCL /
_cGCL
082 0 4 _aش ف
_b791.43
_bص و
100 1 _aصلاح ابوسيف
245 1 0 _aالوسادة الخالية (شرائط فيديو) /
_cصلاح ابوسيف
260 _aالقاهرة :
_bالشركة العربية للسينما
260 _aالقاهرة :
_bشركة الشرق لتوزيع الافلام
300 _a1 شريط:
_bس ، ب ؛
_c1\2 بوصة
490 _a
650 0 4 _aالافلام السينمائية
650 0 4 _aالافلام العربية
650 0 4 _aالفيديو، أشرطة
650 0 4 _aالافلام الغنائية
942 _2ddc
_cVM
999 _c28877
_d28877